Clubs de football commençant par J - Statistiques

Statistiques générales
  • Ce quiz a été pris 254 fois
  • Le résultat moyen est 2 sur 8
Statistiques - réponses
Par images Réponse % Correct
Juventus
100%
Jérusalem FC
28%
Jeonbuk
17%
Jablonec
14%
Jeunesse Sportive de Kabylie
11%
Jagiellonia Białystok
9%
Jiangsu
6%
Juve Stabia
6%
Aucun quiz correspondant
Distribution des résultats
% des personnes avec chaque résultat
Percentile par nombre de réponses
Votre historique - résultats
Vous n’avez pas pris ce quiz